000 00734cam a2200265 4500500
005 20260329004905.0
041 _afre
042 _adc
100 1 0 _aPépin, Charles
_eauthor
245 0 0 _a“D’où vient cette énergie quand je danse ?”
260 _c2021.
500 _a84
690 _aCharles Pépin
690 _acourage
690 _aDanse
690 _aFrancis Wolff
690 _aGrèce Antique
690 _aLâcheté
690 _aMilieu
690 _aMusique
690 _aSacré
690 _aVertu
786 0 _nPhilosophie magazine | 152 | 9 | 2021-09-01 | p. 2-3 | 1951-1787
856 4 1 _uhttps://shs.cairn.info/magazine-philosophie-magazine-2021-9-page-2?lang=fr&redirect-ssocas=7080
999 _c1838216
_d1838216